新住友読本

Gespeichert in:
Bibliographische Detailangaben
Körperschaft: 近代経営研究会
Format: Buch
Sprache:Undetermined
Veröffentlicht: 東京 近代経営研究会 1972
Schlagworte:
Tags: Tag hinzufügen
Keine Tags, Fügen Sie den ersten Tag hinzu!
Thư viện lưu trữ: Trung tâm Học liệu Trường Đại học Cần Thơ
LEADER 00527nam a2200205Ia 4500
001 CTU_88982
008 210402s9999 xx 000 0 und d
082 |a 338.8 
082 |b S556 
110 |a 近代経営研究会 
245 0 |a 新住友読本 
245 0 |c 近代経営研究会 
260 |a 東京 
260 |b 近代経営研究会 
260 |c 1972 
650 |a Corporations,Corporations 
650 |x Sumitomo 
650 |z Japan 
904 |i Ngoc 
980 |a Trung tâm Học liệu Trường Đại học Cần Thơ